| 000 | 00651nam a2200217 4500 | ||
|---|---|---|---|
| 001 | 126337 | ||
| 003 | ES-MaACL | ||
| 005 | 20250703063110.0 | ||
| 007 | t| | ||
| 008 | 070214s1967 sp r ||||1| spa d | ||
| 080 | _a232.9 | ||
| 100 | 1 |
_aRenan, Ernest, _d1823-1892 _996168 |
|
| 245 | 1 | 0 |
_aVida de Jesús / _cErnest Renan ; [versión castellana: Antonio Padilla]. |
| 250 | _a1ª ed. | ||
| 260 |
_aBarcelona : _bDima, _c1967. |
||
| 300 |
_a361 p. ; _c17 cm. |
||
| 600 | 0 | 4 |
_aJesucristo- _xBiografías. _9140032 |
| 700 | 1 |
_aPadilla, Antonio. _988168 |
|
| 852 |
_aES-MaACL _jC-34296 _bR.65010 _xOlim: F-421 |
||
| 999 |
_c126337 _d126337 |
||